| 000 | 00793nam a2200253Ia 4500 | ||
|---|---|---|---|
| 003 | 0100 | ||
| 005 | 20161026094016.0 | ||
| 008 | 130303s9999 xx 000 0 und d | ||
| 020 | _a1779050666 | ||
| 040 | _cARRUPELIB | ||
| 050 | _aJC599.Z55D46 1998 | ||
| 100 |
_aD'Engelbronner-Kolff, Marina _926986 |
||
| 245 | 4 |
_aThe provision of non-formal education for human rights in Zimbabwe _cMarina D'Engelbronner-Kolff |
|
| 260 | _aHarare | ||
| 260 | _bSAPES Books | ||
| 260 | _c1998 | ||
| 300 | _a143p. | ||
| 300 | _b 21cm. | ||
| 440 |
_aSouthern Africa regional institute for policy studies _926987 |
||
| 650 |
_aHuman rights _xStudy and teaching _zZimbabwe _926988 |
||
| 650 |
_aHuman Rights _zZimbabwe _9416 |
||
| 700 |
_aMarina D'Engelbronner-Kolff _926989 |
||
| 942 |
_2lcc _cMONOGRAPH |
||
| 999 |
_c7804 _d7804 |
||